000
00755nam a22001217a 4500
020
_a
978-93-80283-44-9
082
_a
823
_b
AUE/B
100
_a
AUERBACH, ANNIE
245
_a
BEWATE OF DUG
260
_a
US
_b
RANDOM HOUSE
650
_a
ENGLISH SHORT STORY
942
_c
BK
999
_c
3290
_d
3290